000 00749nam a2200265 a 4500
001 44675
003 AR-BaAGN
005 20231117134851.0
007 ta
008 s2019 ag |||||r|||| ||| ||spa d
020 _a9789505567485
040 _aAR-BaAGN
_bspa
_eaacr
100 1 _94637
_aFunes, Mercedes,
_d1977-
245 1 0 _aFeminista en falta :
_bcontradicciones, relatos y preguntas de una revolución en marcha /
_cMercedes Funes.
250 _a1a ed.
260 _aBuenos Aires :
_bGalerna,
_c2019.
300 _a276 páginas ;
_c22 cm
336 _2rdacontent
_btxt
337 _2rdamedia
_bn
338 _2rdacarrier
_bnc
650 4 _aFEMINISMO
_983
650 4 _aESTUDIO DE GÉNERO
_985
655 _aEnsayos
942 _cLIBRO
_kAGN
_n0
999 _c44675
_d44675